000 00695nam a2200217 i 4500
001 99341
003 ES-MaACL
005 20250817062553.0
007 t|
008 050907s1979 sp ||||1| spa d
100 1 _aMartín Pérez, Rafael C.
_977608
245 1 0 _aEstudio de la susceptibilidad magnetoeléctrica en el Cr2O3 policristalino /
_cC. Rafael Martín Pérez.
260 _aMadrid :
_bFundación Juan March,
_c1979.
300 _a43 p. ;
_c21 cm.
490 1 _aSerie universitaria
710 2 _aFundación Juan March
_94346
830 0 _aSerie universitaria
_9180747
852 _aES-MaACL
_j2101-F-26
_bR.98860
852 _aES-MaACL
_j2110-F-3
_bR.99245
999 _c99341
_d99341